000 00535nam a22001817a 4500
005 20251108172348.0
008 250721s1986 xx 000 0 ara d
082 1 4 _a301.340962/هان
100 1 _aطلاق، هاني عبد المنعم
245 1 0 _aالمستقبلية و المجتمع المصري /
264 1 _aالقاهرة :
_bدار الهلال،
_c1986.
300 _a184ص
490 0 _aسلسلة ثقافية شهرية
650 1 7 _aالمجتمع
650 1 7 _aمصر
942 _2ddc
_cBK
999 _c77252
_d77252